Greek Deities - Statistics

General Stats
  • This quiz has been taken 21 times
  • The average score is 16 of 77
Answer Stats
Hint Answer % Correct
King of the gods, god of the sky Zeus
100%
God of the underworld Hades
83%
Goddess of love and beauty Aphrodite
67%
Goddess of wisdom Athena
67%
Goddess of marriage Hera
67%
Messenger of the gods, god of travelers and thieves Hermes
61%
God of war Ares
56%
Goddess of the hunt and the moon, twin sister of the above Artemis
56%
God of the sun, music, prophecy, and mroe Apollo
50%
God of time (not to be confused with the titan of the harvest) Chronos
50%
Titan god of the harvest (not to be confused with the primordial god of time) Cronus
50%
God of wine, theater, and religious ecstasy Dionysus
50%
God of fire and blacksmiths Hephaestus
50%
Goddess of agriculture Demeter
39%
Goddess of the earth, mother of all Gaia
39%
Titan god of the sun Helios
39%
Goddess of night Nyx
33%
God of forethought Prometheus
33%
God of sleep Hypnos
28%
God of the wild Pan
28%
Goddess of discord and jealousey Eris
22%
God of love and procreation Eros
22%
Messenger of the gods, and goddess of the rainbow Iris
22%
Goddess of retribution Nemesis
22%
Goddess of the river Styx Styx
22%
Personification of the deepest, darkest parts of the underworld Tartarus
22%
God of death Thanatos
22%
God of medicine Asclepius
17%
God of the void, being that existed before anything else Chaos
17%
Goddess of magic Hecate
17%
Titan god of the oceans Oceanus
17%
Personification of panic Phobos
17%
Titan goddess of prophecy Phoebe
17%
God of all winds Aeolus
11%
God of the north wind Boreas
11%
Titan god of intellect, personification of the pillar of the north Coeus
11%
Titan god of constellations, personification of the pillar of the south Crius
11%
Personification of fear Deimos
11%
Goddess of dawn Eos
11%
God of darkness and shadow Erebus
11%
Goddess of daytime Hemera
11%
Titan god of light, personification of the pillar of the east Hyperion
11%
Goddess of motherhood Leto
11%
Titan goddess of memory Mnemosyne
11%
God of the sea and earthquakes Poseiden
11%
Titan goddess of fertility Rhea
11%
Titan goddess of rivers and fresh water Tethys
11%
Titan goddess of the aether Theia
11%
Titan goddess of law and order Themis
11%
God of the heavens Uranus
11%
God of the west wind Zephyrus
11%
God of light Aether
6%
Muse of epic poetry Calliope
6%
Muse of history Clio
6%
Titan goddess of the Grove of Dodona Dione
6%
Titan god of mortal life, personification of the pillar of the west Iapetus
6%
God of the south wind Notus
6%
God of deep sea dangers Phorcys
6%
Muse of hymns Polyhymnia
6%
Muse of dance Terpsichore
6%
Muse of astronomy Urania
6%
Goddess of eternal life Achyls
0%
God of eternity Aion
0%
Goddess of inevitability and necessity Anake
0%
Personification of thunder Bronte
0%
Goddess od childbirth Eileithyia
0%
God of afterthought Empimetheus
0%
Muse of lyric poetry Erato
0%
God of the east wind Ereus
0%
Muse of the flute Euterpe
0%
Muse of tragedy Melpomene
0%
Goddesses of islands Nesoi
0%
God of mountains Ourea
0%
Primordial god of the sea Potus
0%
Primordial goddess of the sea Thalassa
0%
Muse of comedy Thalia
0%
Goddesses of charm, beauty, nature, human creativity, and fertility The Charities
0%
No matching quizzes found
Score Distribution
Percent of People with Each Score
Percentile by Number Answered
Your Score History
You have not taken this quiz